| 000 | 00961cam a22002771a 4500 | ||
|---|---|---|---|
| 001 | gs 65000207 | ||
| 003 | DLC | ||
| 005 | 20260227111416.0 | ||
| 008 | 780812s1964 dcuab b f000 0 eng | ||
| 010 | _ags 65000207 | ||
| 035 | _a(OCoLC)4130971 | ||
| 040 |
_aDLC _cOClU _dDNAL _dDLC |
||
| 050 | 0 | 0 |
_aQE75 _b.B9 no. 1169 |
| 070 | 0 |
_a407 _bG29B no.1169 |
|
| 072 | 0 | _aX400 | |
| 100 | 1 |
_aParker, Raymond L. _q(Raymond Laurence) |
|
| 245 | 1 | 0 |
_aGeology of the Curlew quadrangle, Ferry County, Washington / _cby Raymond L. Parker and James A. Calkins. |
| 260 |
_aWashington, [D.C.] : _bU.S. G.P.O., _c1964. |
||
| 300 |
_av, 95 p. : _bill., maps (some col.) ; _c24 cm. |
||
| 440 | 0 |
_aGeological Survey bulletin ; _v1169 |
|
| 500 | _aFour folded maps in pocket. | ||
| 504 | _aBibliography: p. 91-92. | ||
| 650 | 0 |
_aGeology _zWashington (State) _zFerry County. |
|
| 650 | 0 |
_aPetrology _zWashington (State) _zFerry County. |
|
| 700 | 1 |
_aCalkins, James Alfred, _d1923- |
|
| 999 |
_c30021 _d30021 |
||